Yamanote Line Stations, Tokyo, Japan - Statistics

General Stats
  • This quiz has been taken 4,414 times
    3,399 since last reset
  • The average score is 19 of 30
Answers on the Map
Answers color-coded by a green-red scale on the quiz's map according to % correct below.
 
Answer Stats
Answer % Correct
Shinjuku
94%
Tokyo
94%
Shibuya
93%
Ueno
86%
Akihabara
84%
Harajuku
79%
Shinagawa
79%
Ikebukuro
78%
Meguro
70%
Kanda
69%
Yoyogi
68%
Nippori
67%
Ebisu
65%
Nishi-Nippori
63%
Shinbashi
61%
Takadanobaba
60%
Shin-Okubo
57%
Mejiro
56%
Takanawa Gateway
55%
Yurakucho
55%
Gotanda
54%
Osaki
54%
Okachimachi
53%
Hamamatsu-cho
51%
Uguisudani
49%
Sugamo
48%
Tabata
48%
Otsuka
47%
Tamachi
45%
Komagome
44%
No matching quizzes found
Score Distribution
Percent of People with Each Score
Percentile by Number Answered
Your Score History
You have not taken this quiz since the last reset